000
00296nam a22001337a 4500
008
180224b xxu||||| |||| 00| 0 eng d
020
_a
627483001
041
_a
eng
080
_a
321
100
_a
20
101
_a
SHP
245
_a
Births, Deaths, and Taxes
_c
Organski, A.F.K
942
_2
udc
_c
BK
999
_c
43344
_d
43344